01806 a2200349 45000010006000000050017000060080041000230030015000640400040000790800035001192450092001540200022002462640043002683000019003115050654003300410008009841000026009927000027010187000023010457000028010687000033010967000028011297000024011577000020011817000021012017000028012227000027012507000031012777000024013087000020013328560104013522419520260407155526.0260407a2013 arg spa dAR-UNSa-BCEJYS aAR-UNSa-BCEJYSbspacAR-UNSa-BCEJYS a657.47xContabilidad de Costos10aCostos y gestiónpUna mirada panorámica sobre el tema en Latinoamérica y España a978-987-716-002-4 1aBuenos Aires :bOsmar D. Buyattic2013 a495 p.c22 cm. a1. Marco teórico de la contabilidad de costos - 2. La comprensión de los costos en las organizaciones desde la perspectiva cualitativa - 3. Distintos criterios de clasificación de los costos y su utilidad para la gestión - 4. Decisiones frente a limitaciones en la capacidad de producción - 5. Evitabilidad: un concepto frecuentemente olvidado en los análisis de costos - 6. El método de costeo por absorción y su papel en la formación de los precios - 7. Método de la unidad de esfuerzo de producción - 8. Indicadores y cuadros de mando - 9. La contabilidad de costes en las administraciones públicas: perspectiva española aspa1 aYardin, Amaro Ramón1 aAsuaga Taran, Carolina1 aBacic, Miguel Juan1 aBornia, Antonio Cézar1 aBuendía Carrillo, Dionisio1 aCarrasco Díaz, Daniel1 aGuerreiro, Reinaldo1 aKaplan, Alfredo1 aLaporta, Ricardo1 aMallo Rodriguez, Carlos1 aLéon Mesías, Jaime1 aSánchez Toledano, Daniel1 aToro, María Luisa1 aVaras, Humberto41uhttps://biblioeco.unsa.edu.ar/pmb/images/libros/Costos y Gesti?n.jpgyImagen de portadaqimage/jpeg